Českolipský kronikář Hans Kriesche a jeho kronika

Titel: Českolipský kronikář Hans Kriesche a jeho kronika
Verfasser:
In: Bezděz, Band 9 (2000), Seite 387-415
alle Artikel anzeigen
Veröffentlicht: 2000
Format: Aufsatz
Sprache: Tschechisch
Schlagworte:
Kein Bild verfügbar
X
alg: 39307262
001A    $01999:11-11-16 
001B    $03025:11-08-21 $t13:13:42.000 
001C    $06050:19-11-16 $t22:31:02.000 
001D    $01999:11-11-16 
001U    $0utf8 
001X    $00 
002@    $0Aox 
003@    $0393072622 
007A    $0393072622 $aHEB 
007T    $0Herdp21800 
010@    $acze 
011@    $a2000 
021A    $aČeskolipský kronikář Hans Kriesche a jeho kronika 
028A    $aVosálová $dVeronika 
031A    $d9 $h387-415 $j2000 
039B    $aIn $8--Abvc--. Bezděz. - Česká Lípa, 1990-. - ISSN 1211-9172 $x200000000090000613 $905908720X 
044K    $#Kriesche, Johannes $71125754249 $8Kriesche, Hans$Z1570-16XX [Tp1] $9399774696 
044K    $RBöhmisch-Leipa $7117945-7 $8Česká Lípa [Tg1] $9040686248 
045R    $aGeschichte 1570-1616 
045T    $a7,41 

lok: 39307262 78

exp: 39307262 78 1 #EPN
201B/01 $002-07-21 $t00:06:33.000 
201U/01 $0utf8 
203@/01 $0789182947 
208@/01 $a11-11-16 $be 
209A/01 $a/ $f000 $x00 
220C/01 $aHerkunft: Hú Av Čr Praha 
244Z/01 $#Tschechien $#Tschechische Republik $#Tschechische Republik $#Tschechenland $#Tschechei Tschechien $#Česká Republika $#Czech Republic $#ČR $74303381-7 $8--Tg1--Tschechien $x01 $9086659812 
244Z/01 $2Trx $#Böhmen $#Bohemia $#Czechy $8--Trx--Čechy $x02 $9391188941 
244Z/01 $7117945-7 $8--Tg1--Česká Lípa $x03 $9040686248 
244Z/01 $aGeschichte 1570-1616 $x04 
244Z/01 $#Kriesche, Johannes $71125754249 $8--Tp1--Kriesche, Hans$Z1570-16XX $x05 $9399774696 
244Z/01 $2Trx $#kroonikad $#kronikos $#Chronicles $#krónikák $#kroniki $#kroniky $#kroniky $8--Trx--Chroniken $x06 $9391357069 
244Z/01 $2Trx $#ajaloolased ja kroonikud -18. saj. $#kronikininkai iki XVIII a. pab. $#historians and chroniclers - 18th c. $#történészek és krónikaírók XVIII. század $#kronikarze do końca XVIII w. $#historici a kronikári do konca 18. stor. $#historici a kronikáři do konce 18. st. $#Chronisten $#annalists $#kronikarze $#kronikári $#kronikáři $8--Trx--Historiker und Chronisten$g-18. Jh. $x07 $9391372696 
244Z/01 $2Trx $#igapäevaelu $#kasdieninis gyvenimas $#everyday life $#mindennapi élet $#życie codzienne $#život každodenný $#život každodenní $8--Trx--Alltagsleben $x08 $9391363026 
244Z/01 $2Trx $#linnarahvastik $#miesto gyventojai $#city dwellers $#város-lakosság $#ludność miejska $#obyvateľstvo mestské $#obyvatelstvo městské $8--Trx--Stadtbevölkerung $x09 $9391353233 
244Z/01 $2Trx $8--Trx--Zeitschriftenaufsatz $x10 $9391384341 
247C/01 $82080>Marburg/Lahn, Herder-Institut, Forschungsbibliothek, Bibliographieportal $9336309341
LEADER 00000caa a22000002c 4500
001 393072622
003 DE-603
005 20210811131342.0
007 tu
008 161111s2000 xx |||| | u00||u|cze c
035 |a (DE-599)HEB393072622 
040 |a DE-603  |b ger  |c DE-603  |d DE-603 
041 |a cze 
084 |a 7,41  |2 ssgn 
100 1 |a Vosálová, Veronika 
245 0 0 |a Českolipský kronikář Hans Kriesche a jeho kronika 
264 0 |c 2000 
600 1 7 |a Kriesche, Hans  |d 1570-16XX  |0 (DE-588)1125754249  |0 (DE-603)399774696  |2 gnd 
648 7 |a Geschichte 1570-1616  |2 gnd 
651 7 |a Česká Lípa  |0 (DE-588)117945-7  |0 (DE-603)040686248  |2 gnd 
773 0 8 |i In  |t Bezděz  |d Česká Lípa, 1990-  |x 1211-9172  |g Band 9 (2000), Seite 387-415  |w (DE-603)05908720X  |w (DE-600)1136222-4 
924 0 |9 2080  |a (DE-603)789182947  |b DE-2080  |c HES  |d d  |g /